000 00468nam a2200181 a 4500
001 34930
005 20180714003146.0
008 140415s1990 mx 000 0 spa d
020 _a9682439191
041 _aspa
082 _a153.1
_bARA
100 1 _aARANDA, ENRIQUE
245 1 0 _aANAMNESIS :
_bPSICOLOGIA DE LA MEMORIA Y EL OLVIDO
250 _a1a ed.
260 _aMEXICO :
_bTRILLAS,
_c1990
300 _a188
650 1 4 _aMEMORIA
_xPSICOLOGIA
999 _c34930
_d34930